Kierowcy F1 z największą ilością zwycięstw w karierze - Statystyki

Ogólne statystyki
  • Ten quiz został rozwiązany 36 razy
  • Średni wynik to 7 z 10
Statystyki odpowiedzi
liczba zwycięstw kierowca % Poprawnych
105 Lewis Hamilton
94%
71 Max Verstappen
94%
32 Fernando Alonso
85%
91 Michael Schumacher
85%
53 Sebastian Vettel
85%
41 Ayrton Senna
74%
51 Alain Prost
65%
31 Nigel Mansell
32%
27 Jackie Stewart
26%
25 Jim Clark
18%
Nie znaleziono quizów pasujących do podanych kryteriów
Rozkład punktacji
Procent ludzi z każdym wynikiem
Percentyl według liczby udzielonych odpowiedzi
Twoja historia wyników
Nie rozwiązałeś tego quizu